| 000 -LEADER |
| fixed length control field |
01713nam a22001577a 4500 |
| 008 - FIXED-LENGTH DATA ELEMENTS--GENERAL INFORMATION |
| fixed length control field |
231016b ||||| |||| 00| 0 eng d |
| 100 ## - MAIN ENTRY--PERSONAL NAME |
| Personal name |
Mishra, Manoj Kumar |
| 245 ## - TITLE STATEMENT |
| Title |
Critical analysis of FDI and economic growth in Ethiopia |
| 260 ## - PUBLICATION, DISTRIBUTION, ETC. (IMPRINT) |
| Place of publication, distribution, etc |
Bihar Journal of Public Administration |
| 300 ## - PHYSICAL DESCRIPTION |
| Extent |
18(2), Jul-Dec, 2020: p.482-493 |
| 520 ## - SUMMARY, ETC. |
| Summary, etc |
Investment is the prime driver of economic growth and development of any country. Foreign direct investment serves as a strong mechanism for the encouragement and spread of business opportunities in developing and industrialized economies thereby enhancing economic development in developing countries. It has been argued in numerous studies that FDI contributes positively to economic development in the host economies. As such, the present study analyzes the impact of FDI on economic growth of Ethiopia. This study is based on secondary data related to investment, FDI, GDP etc. The examination has been done for the period from 1992 to 2019. Data used in the study shows correlation between GDP growth rate, FDI and GCF. GDP growth fluctuates over the time considered, with most noticeable changes in 1985 due to major drought and famine and early 1990s due to civil war in 1990s. It further reveals that there is systematic correlation between GCF and GDP growth before 1991. The present study suggests that the higher the FDI the greater is the economic growth in Ethiopia with more focus on infrastructural development. – Reproduced |
| 650 ## - SUBJECT ADDED ENTRY--TOPICAL TERM |
| Topical term or geographic name as entry element |
Economic growth, FDI, Agriculture, Industry, Service sector, Infrastructure, Ethiopia. |
| 9 (RLIN) |
41024 |
| 773 ## - HOST ITEM ENTRY |
| Main entry heading |
Bihar Journal of Public Administration |
| 906 ## - LOCAL DATA ELEMENT F, LDF (RLIN) |
| Subject DIP |
FOREIGN INVESTMENT |
| 942 ## - ADDED ENTRY ELEMENTS (KOHA) |
| Item type |
Articles |